Tendencie rozvoja marketingu v konkurencieschopných firmách
Tendencie rozvoja marketingu, ktoré sa považujú za významný prínos k zvýšeniu konkurencieschopnosti firiem. Prínosom príspevku má byť ich systemizácia a previazanosť s komplexným prístupom k riešeniu marketingovej stratégie, vrátane tvorby marketingového informačného systému podniku. V jadre obsahu...
Salvato in:
| Autore principale: | |
|---|---|
| Natura: | Capitolo di libro |
| Lingua: | slovacco |
| Soggetti: | |
| Tags: |
Nessun Tag, puoi essere il primo ad aggiungerne!!
|
MARC
| LEADER | 00000naa$a2200000$$$4500 | ||
|---|---|---|---|
| 001 | 0022833 | ||
| 005 | 20240502071414.5 | ||
| 041 | 0 | |a slo | |
| 044 | |a SK | ||
| 245 | 1 | 0 | |a Tendencie rozvoja marketingu v konkurencieschopných firmách |c Štefan Majtán |
| 520 | |a Tendencie rozvoja marketingu, ktoré sa považujú za významný prínos k zvýšeniu konkurencieschopnosti firiem. Prínosom príspevku má byť ich systemizácia a previazanosť s komplexným prístupom k riešeniu marketingovej stratégie, vrátane tvorby marketingového informačného systému podniku. V jadre obsahu sa venuje pozornosť takým tendenciám rozvoja marketingu ako budovanie firemného imidžu, nové prvky komunikácie, globalizácia trhového priestoru, prepojenie marketingu s ekonomikou a manažmentom podniku. | ||
| 610 | 2 | 0 | |a podnik |
| 610 | 2 | 0 | |a konkurencieschopnosť |
| 610 | 2 | 0 | |a marketing |
| 610 | 2 | 0 | |a marketing manažment |
| 610 | 2 | 0 | |a stratégia marketingová |
| 610 | 2 | 0 | |a imidž |
| 610 | 2 | 0 | |a komunikácia marketingová |
| 610 | 2 | 0 | |a systémy informačné riadiace |
| 610 | 2 | 0 | |a globalizácia |
| 100 | 1 | |a Majtán, Štefan | |